000 01112nam a22002777a 4500
001 BD-DhSAU 9278
003 BD-DhSAU
005 20260513111322.0
008 260513b2018 bg a|||| m||| 00| 0 eng d
040 _aBD-DhSAU
082 _222
_a616.96
_bR822
100 _aISLAM, MD. RUBEL
_eRegistration # 18-08810
245 _aOccurrence and morphological characterization of gastrointestinal helminths of murine rodents in northern bangladesh /
_bMS thesis
260 _aSher-e-Bangla Agricultural University;
_bDepartment of Microbiology and parasitology ;
_c2024.
300 _aix, 61p. :
_bill. ;
_c30 cm.
500 _aMS thesis of Department of Microbiology and parasitology, ;, Faculty of ASVM. Sher-e-Balgla Agricultural University Dhaka-1207
504 _aIncludes bibliographical reference.
590 _aNazmul
650 _aOccurrence and morphological
650 _agastrointestinal helminths
651 _amurine rodents
700 _aProf. Dr. Uday Kumar Mohanta
_eSuperviser
710 _eCo-Superviser
_aAssico. Prof. Dr. Mirza Synthia Sabrin
942 _2ddc
_cTHESIS
999 _c18400
_d18399